000 03294nam a2201189 4500
003 PE-LiUPU
005 20250813185437.0
008 210921n 000 0 eng u
020 _a9789806810471
035 _a(Sirsi) a252889
082 0 4 _a338.604
_bV32
100 1 _aVassallo Magro, José Manuel,
_eautor
245 1 0 _aInfraestructura pública y participación privada :
_bconceptos y experiencias en América y España /
_cJosé Manuel Vassallo Magro, Rafael Izquierto de Bartolomé.
300 _a347 páginas : ilustraciones, mapas ; 28 cm.
440 _a(Infraestructura)
500 _aIncluye referencias bibliográficas e indice.
505 0 _aSin infraestructura no hay desarrollo. -La infraestructura en la integración regional. -El desafío de financiar infraestructura: aplicación al caso español. -Modelos de financiación de infraestructura. -El modelo de Participación Público-Privada. -La concesión de infraestructura. -La concesión de obras públicas en España. -Experiencias en América.
526 _aP202
526 _aP201
526 _aP163
526 _aP162
526 _aP161
526 _aP160
526 _aP148
526 _aP147
526 _aP146
526 _aP145
526 _aP144
526 _aP143
526 _aP142
526 _aP141
526 _aP140
526 _aP139
526 _aP138
526 _aP137
526 _aP136
526 _aP135
526 _aP134
526 _aP133
526 _aP129
526 _aP128
526 _aP127
526 _aP120
526 _aP119
526 _aP118
526 _aP116
526 _aP115
526 _aP114
526 _aP110
526 _aP109
526 _aP108
526 _aP104
526 _aP103
526 _aP102
526 _aP99
526 _aP98
526 _aP97
526 _aP96
526 _aP95
526 _aP93
526 _aP90
526 _aP89
526 _aP88
526 _aP83
526 _aP82
526 _aP62
526 _aP59
526 _aP58
526 _aP57
526 _aP51
526 _aP49
526 _aP48
526 _aP47
526 _aP29
526 _aP24
526 _aP20
526 _aP19
526 _aP17
526 _aP15
526 _aP14
526 _aP12
526 _aP10
526 _aP09
526 _aP08
526 _aP07
526 _aP06
526 _aP05
526 _aP04
526 _aP01
650 0 4 _aInfraestructura económica
_zAmérica Latina.
650 0 4 _aInfraestructura económica
_zEspaña.
650 0 4 _aDesarrollo económico
_xFinanzas
_zAmérica Latina.
650 0 4 _aDesarrollo económico
_xFinanzas
_zEspaña.
700 1 _aIzquierdo de Bartolomé, Rafael
_eautor
598 _aCATALOGING
596 _a1
856 4 _u https://scioteca.caf.com/handle/123456789/421
942 _2ddc
_cBOOK
949 _a338.604 V32
_wDEWEY
_c1
_i70904
_mBC
_p10.00
_r0
_sY
_tLIBRO
_u2021-04-20
_xFIA
_zArquitectura
_oSTAFF. Colección General
999 _a338.604 V32
_wDEWEY
_c32087
_i70904
_f2022-6-9
_g1
_lCCODEBUL1
_mBUL
_p10.00
_r0
_sY
_tBOOK
_u2021-9-21
_xINGENIERIA
_PP06
_0UNKNOWN
_d32087
264 _aBogotá :
_bCorporación Andina de Fomento,
_cc2010.
980 _81
_gALBERTO SANCHEZ Responsable de Automatización